<?xml version='1.0' encoding='UTF-8'?>
  <record xmlns="http://www.loc.gov/MARC21/slim">
    <leader>00000cam a2200000 i 4500</leader>
    <controlfield tag="001">ocn781822935</controlfield>
    <controlfield tag="003">OCoLC</controlfield>
    <controlfield tag="005">20250327070545.6</controlfield>
    <controlfield tag="008">861106s1914    ne       m    000 0 dut d</controlfield>
    <datafield tag="040" ind1=" " ind2=" ">
      <subfield code="a">NLGGC</subfield>
      <subfield code="b">dut</subfield>
      <subfield code="e">rda</subfield>
      <subfield code="c">NLGGC</subfield>
      <subfield code="d">OCLCO</subfield>
      <subfield code="d">OCLCQ</subfield>
      <subfield code="d">OCLCL</subfield>
      <subfield code="d">OCLCQ</subfield>
    </datafield>
    <datafield tag="015" ind1=" " ind2=" ">
      <subfield code="a">20463391</subfield>
      <subfield code="2">bccb</subfield>
    </datafield>
    <datafield tag="029" ind1="0" ind2=" ">
      <subfield code="a">NLGGC</subfield>
      <subfield code="b">865128901</subfield>
    </datafield>
    <datafield tag="035" ind1=" " ind2=" ">
      <subfield code="a">(OCoLC)781822935</subfield>
    </datafield>
    <datafield tag="072" ind1=" " ind2="7">
      <subfield code="a">Aa008</subfield>
      <subfield code="2">acapub</subfield>
    </datafield>
    <datafield tag="072" ind1=" " ind2="7">
      <subfield code="a">c</subfield>
      <subfield code="2">brclbps</subfield>
    </datafield>
    <datafield tag="082" ind1="0" ind2="4">
      <subfield code="a">263.4</subfield>
      <subfield code="q">OCoLC</subfield>
      <subfield code="2">20/eng/20230216</subfield>
    </datafield>
    <datafield tag="100" ind1="1" ind2=" ">
      <subfield code="a">Berg, P.W.J. van den</subfield>
      <subfield code="q">(Pieter Willem Johannes),</subfield>
      <subfield code="d">1880-1952.</subfield>
      <subfield code="4">dis</subfield>
      <subfield code="1">https://id.oclc.org/worldcat/entity/E39PCjthJhGBvRMKrtvMT4tcbm</subfield>
    </datafield>
    <datafield tag="245" ind1="1" ind2="3">
      <subfield code="a">De viering van den Zondag en de feestdagen in Nederland vóór de Hervorming /</subfield>
      <subfield code="c">Pieter Willem Johannes van den Berg.</subfield>
    </datafield>
    <datafield tag="246" ind1="3" ind2=" ">
      <subfield code="a">Zondagsviering in Nederland vóór de Hervorming</subfield>
    </datafield>
    <datafield tag="260" ind1=" " ind2=" ">
      <subfield code="a">[Nederland] :</subfield>
      <subfield code="b">[uitgever niet vastgesteld],</subfield>
      <subfield code="c">[1914]</subfield>
      <subfield code="e">(Amersfoort :</subfield>
      <subfield code="f">Van Amerongen)</subfield>
    </datafield>
    <datafield tag="300" ind1=" " ind2=" ">
      <subfield code="a">XXXII, 200 pagina's ;</subfield>
      <subfield code="c">25 cm.</subfield>
    </datafield>
    <datafield tag="336" ind1=" " ind2=" ">
      <subfield code="a">tekst</subfield>
      <subfield code="b">txt</subfield>
      <subfield code="2">rdacontent/dut</subfield>
    </datafield>
    <datafield tag="337" ind1=" " ind2=" ">
      <subfield code="a">zonder medium</subfield>
      <subfield code="b">n</subfield>
      <subfield code="2">rdamedia/dut</subfield>
    </datafield>
    <datafield tag="338" ind1=" " ind2=" ">
      <subfield code="a">band</subfield>
      <subfield code="b">nc</subfield>
      <subfield code="2">rdacarrier/dut</subfield>
    </datafield>
    <datafield tag="500" ind1=" " ind2=" ">
      <subfield code="a">Rugtitel: Zondagsviering in Nederland vóór de Hervorming. - Promotor: Dr. H. Snellen Jr.</subfield>
    </datafield>
    <datafield tag="502" ind1=" " ind2=" ">
      <subfield code="a">Proefschrift Rijks Universiteit te Utrecht ter verkrijging van de graad van doctor in het jaar 1914.</subfield>
    </datafield>
    <datafield tag="504" ind1=" " ind2=" ">
      <subfield code="a">Met literatuuropgave.</subfield>
    </datafield>
    <datafield tag="530" ind1=" " ind2=" ">
      <subfield code="a">Boek wordt verfilmd Metamorfoze UBA.</subfield>
    </datafield>
    <datafield tag="650" ind1=" " ind2="7">
      <subfield code="a">geloofsleven.</subfield>
      <subfield code="2">btr</subfield>
      <subfield code="0">(NL-LeOCL)075607050</subfield>
    </datafield>
    <datafield tag="650" ind1=" " ind2="7">
      <subfield code="a">Feestdagen.</subfield>
      <subfield code="2">nbdbt</subfield>
      <subfield code="0">(NL-LeOCL)078007127</subfield>
    </datafield>
    <datafield tag="650" ind1=" " ind2="7">
      <subfield code="a">Nederland.</subfield>
      <subfield code="2">nbdbt</subfield>
      <subfield code="0">(NL-LeOCL)077972988</subfield>
    </datafield>
    <datafield tag="650" ind1=" " ind2="7">
      <subfield code="a">Geschiedenis.</subfield>
      <subfield code="2">nbdbt</subfield>
      <subfield code="0">(NL-LeOCL)077972848</subfield>
    </datafield>
    <datafield tag="700" ind1="1" ind2=" ">
      <subfield code="a">Snellen, H.</subfield>
      <subfield code="q">(Herman),</subfield>
      <subfield code="c">Jr.,</subfield>
      <subfield code="d">1864-1929.</subfield>
      <subfield code="4">dgs</subfield>
      <subfield code="1">https://id.oclc.org/worldcat/entity/E39PBJm98fDbfKbBtRvJgVpQMP</subfield>
    </datafield>
    <datafield tag="776" ind1="0" ind2=" ">
      <subfield code="t">De viering van den Zondag en de feestdagen in Nederland vóór de Hervorming</subfield>
      <subfield code="w">(NL-LeOCL)428122396</subfield>
    </datafield>
    <datafield tag="936" ind1=" " ind2=" ">
      <subfield code="a">BATCHLOAD</subfield>
    </datafield>
  </record>